Statistics for Every Team to Compete in the 2019-20 FA Cup

Click here to take the quiz!

General Stats

  • This quiz has been taken 18 times
  • The average score is 81 of 123

Answer Stats

DivisionRound ReachedClub% Correct
Premier LeagueFourth RoundBurnley
100%
Premier LeagueFinalChelsea
100%
Premier LeagueSemi-finalManchester City
100%
Premier LeagueSemi-finalManchester United
100%
Premier LeagueFinalArsenal
93%
Premier LeagueThird RoundAston Villa
93%
ChampionshipThird RoundBlackburn Rovers
93%
Premier LeagueFourth RoundBournemouth
93%
Premier LeagueThird RoundBrighton
93%
ChampionshipFourth RoundCardiff City
93%
Premier LeagueThird RoundEverton
93%
ChampionshipFourth RoundFulham
93%
League OneSecond RoundIpswich Town
93%
Premier LeagueQuarter-finalLeicester City
93%
ChampionshipThird RoundMiddlesbrough
93%
Premier LeagueQuarter-finalNewcastle United
93%
Premier LeagueQuarter-finalNorwich City
93%
ChampionshipThird RoundNottingham Forest
93%
Premier LeagueQuarter-finalSheffield United
93%
ChampionshipFifth RoundSheffield Wednesday
93%
Premier LeagueFourth RoundSouthampton
93%
ChampionshipThird RoundStoke City
93%
Premier LeagueFifth RoundTottenham Hotspur
93%
ChampionshipFifth RoundWest Bromwich Albion
93%
Premier LeagueFourth RoundWest Ham United
93%
ChampionshipFourth RoundBarnsley
87%
ChampionshipFifth RoundBirmingham City
87%
League OneThird RoundBlackpool
87%
League OneFirst RoundBolton Wanderers
87%
ChampionshipFourth RoundBrentford
87%
ChampionshipThird RoundBristol City
87%
ChampionshipThird RoundCharlton Athletic
87%
Premier LeagueThird RoundCrystal Palace
87%
ChampionshipFourth RoundHull City
87%
ChampionshipThird RoundLeeds United
87%
Premier LeagueFifth RoundLiverpool
87%
ChampionshipThird RoundLuton Town
87%
League OneFifth RoundPortsmouth
87%
ChampionshipFourth RoundQueens Park Rangers
87%
League OneFirst RoundSunderland
87%
ChampionshipThird RoundSwansea City
87%
Premier LeagueThird RoundWatford
87%
ChampionshipThird RoundWigan Athletic
87%
League OneThird RoundBristol Rovers
80%
League TwoFirst RoundCambridge United
80%
League OneFourth RoundCoventry City
80%
ChampionshipFifth RoundDerby County
80%
League TwoSecond RoundExeter City
80%
ChampionshipThird RoundHuddersfield Town
80%
ChampionshipFourth RoundMillwall
80%
League OneFourth RoundOxford United
80%
League TwoSecond RoundPlymouth Argyle
80%
League OneThird RoundRotherham United
80%
Premier LeagueThird RoundWolverhampton Wanderers
80%
League OneFirst RoundAccrington Stanley
73%
League OneFirst RoundAFC Wimbledon
73%
League TwoFirst RoundBradford City
73%
League TwoThird RoundCarlisle United
73%
League OneSecond RoundDoncaster Rovers
73%
League OneThird RoundFleetwood Town
73%
League OneThird RoundGillingham
73%
League TwoFirst RoundGrimsby Town
73%
League OneFirst RoundLincoln City
73%
League TwoSecond RoundMansfield Town
73%
League OneFirst RoundMilton Keynes Dons
73%
League TwoFirst RoundMorecambe
73%
National LeagueSecond RoundNotts County
73%
League OneThird RoundPeterborough United
73%
ChampionshipFifth RoundReading
73%
League TwoFirst RoundSwindon Town
73%
League OneFourth RoundTranmere Rovers
73%
National LeagueFirst RoundYeovil Town
73%
League TwoFirst RoundLeyton Orient
67%
League TwoThird RoundNewport County
67%
League TwoFourth RoundNorthampton Town
67%
League TwoThird RoundPort Vale
67%
ChampionshipThird RoundPreston North End
67%
League OneFirst RoundSouthend United
67%
League TwoFirst RoundStevenage
67%
League OneFirst RoundWycombe Wanderers
67%
League OneThird RoundBurton Albion
60%
League TwoSecond RoundCheltenham Town
60%
League TwoFirst RoundColchester United
60%
League TwoSecond RoundOldham Athletic
60%
League OneThird RoundRochdale
60%
League OneFourth RoundShrewsbury Town
60%
League TwoSecond RoundWalsall
60%
League TwoThird RoundCrewe Alexandra
53%
National LeagueFirst RoundWrexham
53%
National LeagueFirst RoundBarnet
47%
League TwoSecond RoundCrawley Town
47%
National League NorthFirst RoundDarlington
47%
League TwoSecond RoundForest Green Rovers
47%
League TwoFirst RoundMacclesfield Town
47%
League TwoFirst RoundScunthorpe United
47%
National LeagueFirst RoundChorley
40%
League TwoFirst RoundSalford City
40%
National League SouthFirst RoundDulwich Hamlet
33%
National LeagueSecond RoundEastleigh
33%
National LeagueThird RoundHartlepool United
33%
National LeagueSecond RoundSolihull Moors
33%
National League NorthSecond RoundAltrincham
27%
National LeagueFirst RoundBromley
27%
National League NorthFirst RoundGateshead
27%
National LeagueFirst RoundHarrogate Town
27%
National LeagueFirst RoundTorquay United
27%
National LeagueThird RoundAFC Fylde
20%
Isthmian League South East DivisionSecond RoundChichester City
20%
National League SouthFirst RoundChippenham Town
20%
National LeagueSecond RoundDover Athletic
20%
National LeagueFirst RoundEbbsfleet United
20%
National LeagueFirst RoundMaidenhead United
20%
National League SouthSecond RoundMaidstone United
20%
Northern Premier League Premier DivisionFirst RoundNantwich Town
20%
Southern League Premier Division CentralFirst RoundStourbridge
20%
National League SouthFirst RoundBillericay Town
13%
National League NorthSecond RoundBoston United
13%
Isthmian League Premier DivisionFirst RoundCarshalton Athletic
13%
National League SouthFirst RoundOxford City
13%
National League NorthFirst RoundYork City
13%
Southern League Premier Division SouthFirst RoundHayes & Yeading United
7%
Isthmian League Premier DivisionSecond RoundKingstonian
7%
Isthmian League North DivisionSecond RoundMaldon & Tiptree
7%

Score Distribution

Percentile by Number Answered

Percent of People with Each Score

Your Score History

You have not taken this quiz